Top 20 Roller Coasters in the World - Statistiques

Statistiques générales
  • Ce quiz a été pris 74 fois
  • Le résultat moyen est 9 sur 20
Statistiques - réponses
Hint Réponse % Correct
16 Toutatis
87%
3 Zadra
85%
2 Iron Gwazi
79%
1 Steel Vengeance
79%
6 Ride to Happiness
70%
4 Velocicoaster
70%
18 Voltron
58%
11 Untamed
47%
14 Batman Gotham City Escape
45%
10 Fury 325
45%
8 Hakugei
43%
12 Maverick
43%
7 Taiga
38%
20 El Toro
34%
9 ArieForce One
26%
15 Pantherian
26%
5 Eejanaika
25%
13 Wildcat's Revenge
23%
19 T Express
11%
17 Twisted Timbers
11%
Aucun quiz correspondant
Distribution des résultats
% des personnes avec chaque résultat
Percentile par nombre de réponses
Votre historique - résultats
Vous n’avez pas pris ce quiz